000 00650nam a2200181Ia 4500
001 19823
005 20260306172721.0
008 260306t2016||||xx |||||||||||||| ||spa||
041 _aESP
082 _a341.11
_bB35
100 _aBedoya Perales, Percy Vladimiro
_eAUT
245 0 _aLa vulneración de la persona y el principio de culpabilidad en la teoría del dercho penal del enemigo de Günther Jakobs:
_buna aproximación crítica desde la dignidad como libertad ontológica en el fundamento del sistema jurídico-penal
260 _c2016
300 _a335 páginas :
_c21 cm.
650 _aGEN
654 _aCDE
942 _cLIB
_dJUS
_fJUS
_2ddc
_n
999 _c19823
_d19823